| 000 | 00941nam-a2200217-a-4500 | ||
|---|---|---|---|
| 001 | 000081148 | ||
| 003 | AM-YeHGA | ||
| 005 | 20250617161515.0 | ||
| 008 | 980629s1953 xxu 000 0 rus u | ||
| 020 | _c12.20 | ||
| 040 | _aAM-YeHGA | ||
| 041 | 0 | _arus | |
| 100 | 1 | _aДавыдов, Лев Константинович | |
| 245 | 1 | 0 |
_aГидрография СССР : _b(воды суши) / _cЛ.К. Давыдов. |
| 260 |
_aЛенинград : _bЛГУ , _c1953 -. |
||
| 300 | _aЧ. | ||
| 505 | 0 | 0 |
_gЧ. I ( 1953, 184 с., ил., библиогр. в конце глав ) : _tОбщая характеристика вод _gЧ. II ( 1955, 600 с., ил., библиогр. в конце глав ) : _tГидрография районов |
| 650 | 1 | 4 | _aОбщая гидрология |
| 710 | 2 | _aЛенинградский государственный университет им. А.А. Жданова | |
| 090 | _c475933 | ||
| 999 |
_c472669 _d472669 |
||